<?xml version="1.0" encoding="UTF-8"?>
<record
    xmlns:xsi="http://www.w3.org/2001/XMLSchema-instance"
    xsi:schemaLocation="http://www.loc.gov/MARC21/slim http://www.loc.gov/standards/marcxml/schema/MARC21slim.xsd"
    xmlns="http://www.loc.gov/MARC21/slim">

  <leader>02136    a2200229   4500</leader>
  <controlfield tag="001">57163</controlfield>
  <controlfield tag="005">20260407155834.0</controlfield>
  <controlfield tag="008">260407a2003    arg                 spa d</controlfield>
  <controlfield tag="003">AR-UNSa-BCEJYS</controlfield>
  <datafield tag="040" ind1=" " ind2=" ">
    <subfield code="a">AR-UNSa-BCEJYS</subfield>
    <subfield code="b">spa</subfield>
    <subfield code="c">AR-UNSa-BCEJYS</subfield>
  </datafield>
  <datafield tag="080" ind1=" " ind2=" ">
    <subfield code="a">378</subfield>
    <subfield code="x">Ense&#xF1;anza superior. Universidades. Escuelas especiales</subfield>
  </datafield>
  <datafield tag="245" ind1="1" ind2="0">
    <subfield code="a">Educaci&#xF3;n superior, demandas sociales, productivas y mercado de trabajo</subfield>
  </datafield>
  <datafield tag="020" ind1=" " ind2=" ">
    <subfield code="a">84-95294-53-2</subfield>
  </datafield>
  <datafield tag="264" ind1=" " ind2="1">
    <subfield code="a">Buenos Aires :</subfield>
    <subfield code="b">Mi&#xF1;o y D&#xE1;vila</subfield>
    <subfield code="c">2003</subfield>
  </datafield>
  <datafield tag="300" ind1=" " ind2=" ">
    <subfield code="a">324 p.</subfield>
    <subfield code="c">21 cm.</subfield>
  </datafield>
  <datafield tag="505" ind1=" " ind2=" ">
    <subfield code="a">Primera parte: Aportes te&#xF3;ricos metodol&#xF3;gicos y experiencias en investigaci&#xF3;n, transferencia y asistencia t&#xE9;cnica: 1. Los antecedentes de una primera encuesta sobre la inserci&#xF3;n de j&#xF3;venes universitarios en el mundo del trabajo, la relaci&#xF3;n estudio &#x2013; trabajo y las expectativas sobre la vida profesional (1985) &#x2013; 2. Propuesta de una metodolog&#xED;a de evaluaci&#xF3;n de la demanda externa para una  universidad en el marco de la integraci&#xF3;n sub-regional: el caso de la UNaM 1995 &#x2013; 3. Una revisi&#xF3;n de los abordajes y metodolog&#xED;as de diagn&#xF3;stico y operaciones en el campo de las demandas a la educaci&#xF3;n superior: el caso del CPRES-Metropolitano. 1997 &#x2013; 4. Las experiencias pilotos como modelos de innovaci&#xF3;n: un  ejercicio para la creaci&#xF3;n de instituciones de educaci&#xF3;n superior &#x2013; Segunda parte: Una d&#xE9;cada explosiva en la educaci&#xF3;n superior: diversificaci&#xF3;n regulada o hiper-institucionalizaci&#xF3;n: 5. La educaci&#xF3;n superior no universitaria argentina en los &#xB4;90 &#x2013; 6. La explosi&#xF3;n institucional de la educaci&#xF3;n superior en los &#xB4;90 &#x2013; Tercera parte: Mercado de trabajo, sistema productivo y educaci&#xF3;n superior: 7. Las demandas impl&#xED;citas y6 explicitas a la educaci&#xF3;n superior y a los graduados universitarios y t&#xE9;cnicos &#x2013; 8. Mercado de trabajo de estudiantes y graduados de la educaci&#xF3;n superior universitaria y no universitaria en los &#xB4;90 </subfield>
  </datafield>
  <datafield tag="041" ind1=" " ind2=" ">
    <subfield code="a">spa</subfield>
  </datafield>
  <datafield tag="942" ind1=" " ind2=" ">
    <subfield code="c">BK</subfield>
  </datafield>
  <datafield tag="590" ind1=" " ind2=" ">
    <subfield code="a">niveau_biblio:m niveau_hierar:0</subfield>
  </datafield>
  <datafield tag="100" ind1="1" ind2=" ">
    <subfield code="a">Riquelme, Garciela C.</subfield>
  </datafield>
  <datafield tag="856" ind1="4" ind2="1">
    <subfield code="u">https://biblioeco.unsa.edu.ar/pmb/images/libros/L128733.jpg</subfield>
    <subfield code="y">Imagen de portada</subfield>
    <subfield code="q">image/jpeg</subfield>
  </datafield>
  <datafield tag="999" ind1=" " ind2=" ">
    <subfield code="c">6155</subfield>
    <subfield code="d">6155</subfield>
  </datafield>
  <datafield tag="952" ind1=" " ind2=" ">
    <subfield code="0">0</subfield>
    <subfield code="1">0</subfield>
    <subfield code="4">0</subfield>
    <subfield code="7">0</subfield>
    <subfield code="a">BCEJYS</subfield>
    <subfield code="b">BCEJYS</subfield>
    <subfield code="c">16</subfield>
    <subfield code="d">2026-04-07</subfield>
    <subfield code="l">0</subfield>
    <subfield code="o">378 R594</subfield>
    <subfield code="p">L128733</subfield>
    <subfield code="r">2026-04-07 15:58:34</subfield>
    <subfield code="w">2026-04-07</subfield>
    <subfield code="y">L</subfield>
  </datafield>
</record>
